Maintenance engineering handbook

Gespeichert in:
Bibliographische Detailangaben
Hauptverfasser: Higgins, Lindley R (VerfasserIn), Morrow, Lester Coridon (VerfasserIn)
Format: Buch
Sprache:Englisch
Veröffentlicht: Nueva York McGraw-Hill 1977
Ausgabe:3a. ed
Schlagworte:
Tags: Tag hinzufügen
Keine Tags, Fügen Sie den ersten Tag hinzu!

MARC

LEADER 00000nam a2200000 a 4500
001 UCV5104
003 CL-VaPUC
008 920610e19770000US |||||||||||||||||eng|d
082 0 4 |a 658.202  |b HIG  |2 21 
100 0 |a Higgins, Lindley R  |e author  |9 299369 
700 |a Morrow, Lester Coridon  |e author  |9 426967 
245 1 0 |a Maintenance engineering handbook 
250 |a 3a. ed 
300 |a 1120 p 
942 |c BK 
945 |d 19920610 00:00:00 
260 |a Nueva York  |b McGraw-Hill  |c 1977 
650 7 |a MANTENIMIENTO DE PLANTAS INDUSTRIALES  |2 CL-VaPUC  |9 261665 
583 |a last modification  |c 19920610 00:00:00  |k Rodrigo Vera 
999 |c 211699  |d 211697